000 00672nam a2200289Ia 4500
005 20260324145630.0
008 008 260324s9999 xx 000 0 eng d
020 _a9780203703052
037 _aEBOOK
040 _aCRL
040 _beng
040 _cCRL
041 _2eng
041 _aeng
084 _qCRL
100 _aH.D. Watts
_91223646
245 4 _aThe Large Industrial Enterprise
245 0 _bSome Spatial Perspectives
260 _bTaylor and Francis
260 _c1980
365 _a
365 _b205
856 _uhttp://www.taylorfrancis.com/books/9780203703052
942 _cEBOOK
999 _c1831818
_d1831818